C#2008 Projects Black Book (Record no. 5768)

MARC details
000 -LEADER
fixed length control field 00343nam a2200145Ia 4500
008 - FIXED-LENGTH DATA ELEMENTS--GENERAL INFORMATION
fixed length control field 191201s2010 xx 000 0 und d
082 ## - DEWEY DECIMAL CLASSIFICATION NUMBER
Classification number 005.133
Item number KOC
100 ## - MAIN ENTRY--PERSONAL NAME
Personal name KOGENT Learning
245 #0 - TITLE STATEMENT
Title C#2008 Projects Black Book
250 ## - EDITION STATEMENT
Edition statement Ed.
260 ## - PUBLICATION, DISTRIBUTION, ETC. (IMPRINT)
Place of publication, distribution, etc N. Delhi
Name of publisher, distributor, etc Dream Tech Press
Date of publication, distribution, etc 2010
300 ## - PHYSICAL DESCRIPTION
Extent 573
650 ## - SUBJECT ADDED ENTRY--TOPICAL TERM
Topical term or geographic name as entry element MCA
942 ## - ADDED ENTRY ELEMENTS (KOHA)
Source of classification or shelving scheme Dewey Decimal Classification
Koha item type Text Books
Holdings
Withdrawn status Lost status Source of classification or shelving scheme Damaged status Not for loan Collection code Home library Current library Date acquired Source of acquisition Cost, normal purchase price Bill Number Total Checkouts Full call number Acc. no. / Barcode Date last seen Bill Date Koha item type Date last borrowed
    Dewey Decimal Classification     MCA PIET C-LIBRARY PIET C-LIBRARY 04/09/2020 IBH, New Delhi 399.00 9603   005.133 KOC 22814 04/12/2019 31/08/2013 Text Books  
    Dewey Decimal Classification     MCA PIET C-LIBRARY PIET C-LIBRARY 04/09/2020 IBH, New Delhi 399.00 9603   005.133 KOC 22815 04/12/2019 31/08/2013 Text Books  
    Dewey Decimal Classification     MCA PIET C-LIBRARY PIET C-LIBRARY 04/09/2020 IBH, New Delhi 399.00 9603 1 005.133 KOC 22816 12/04/2022 31/08/2013 Text Books 31/03/2022
    Dewey Decimal Classification     MCA PIET C-LIBRARY PIET C-LIBRARY 04/09/2020 IBH, New Delhi 399.00 9603   005.133 KOC 22817 04/12/2019 31/08/2013 Text Books  
    Dewey Decimal Classification     Computer Science and Engineering in AI & Machine Learning PIET C-LIBRARY PIET C-LIBRARY 04/09/2020 IBH, New Delhi 399.00 9603   005.133 KOC 22818 04/12/2019 31/08/2013 Text Books  

Design & Developed by: PIET Central Library
R70 Miles Stone Pattikalyana Samalkha Panipat 132102
mail ID :- [email protected], Phone No:- 0180-2569700 Ex.216